German industry and global enterprise : BASF, the history of a company (Record no. 193791)

MARC details
000 -LEADER
fixed length control field 00711nam a2200205Ia 4500
008 - FIXED-LENGTH DATA ELEMENTS--GENERAL INFORMATION
fixed length control field 191130s2009##################000#0#eng##
020 ## - INTERNATIONAL STANDARD BOOK NUMBER
ISBN 9780521101196
082 ## - DEWEY DECIMAL CLASSIFICATION NUMBER
Classification number 338.943 ABE
100 ## - MAIN ENTRY--AUTHOR NAME
Personal name Abelshauser, Werner
245 ## - TITLE STATEMENT
Title German industry and global enterprise : BASF, the history of a company
Statement of responsibility, etc Werner Abelshauser ... [et al.]
260 ## - PUBLICATION, DISTRIBUTION, ETC. (IMPRINT)
Place of publication Cambridge
Name of publisher Cambridge University Press
Year of publication 2009
300 ## - PHYSICAL DESCRIPTION
Number of Pages ix, 677p. : ill, 22cm
500 ## - GENERAL NOTE
General note Includes bibliographical references and index
650 ## - SUBJECT ADDED ENTRY--TOPICAL TERM
Topical Term BASF Aktiengesellschaft -- History
Topical Term Chemical industry -- Germany -- History
991 ## -
-- 241469
Holdings
Withdrawn status Lost status Damaged status Not for loan Home library Current library Shelving location Date acquired Full call number Accession Number Price effective from Koha item type
        Anna Centenary Library Anna Centenary Library 4TH FLOOR, A WING 13.10.2020 338.943 ABE 192375 13.10.2020 English Books

Find us on the map